| 000 | 00831nam a2200229 a 4500 | ||
|---|---|---|---|
| 001 | BRL_767 | ||
| 005 | 20190320210904.0 | ||
| 008 | 041013c1980----u--o######---#000-0#eng-# | ||
| 041 | _aeng | ||
| 044 | _au | ||
| 050 | 4 |
_aNK844 _b.V58 1980 |
|
| 245 | 1 | 0 |
_a¡Vivan los artesanos! _bMexican folk art from the Collection of Fred and Barbara Meiers. |
| 260 |
_aLa Jolla, California _bMingei International Museum of World Folk Art _c[1980?] |
||
| 300 |
_a48 p. _bil. algunas a color. _c20 cm. |
||
| 500 | _aAu887 | ||
| 500 | _aCatalogo de la exposición celebrada en el Mingei International Museum of World Folk Art. | ||
| 650 | 1 | 4 |
_aArte popular _vExposiciones _zMéxico _91706 |
| 650 | 1 | 4 |
_aArtesanos _vExposiciones _zMéxico _924885 |
| 710 | 2 |
_aMingei International Museum of World Folk Art. _924886 |
|
| 902 | _aGRL | ||
| 942 |
_2lcc _cB |
||
| 999 |
_c9579 _d9579 |
||